000 00902nam a22002297a 4500
005 20160208130518.0
008 090109t xxu||||| |||| 00| 0urd d
010 _aUR-9301
020 _c200.00
_a9789350734452
035 _aU-7856
037 _bDBAD/PUB
040 _aDPL
_burdu
082 _a 841
100 _aا نو ا ر ا لحق شا د ا نّ پذلا و د ی
245 _aکچذ محفل خو با ن کی
_cا نو ا ر ا لحق شا د ا نّ پذلا و د ی
246 _aTarjuman-e- Dil
_b By Anwar-ul-Haque Shadan Phalawdavi
260 _aد ھلی
_bا يجو کيشنل پبليشنگ ہا ؤ س
_c2014 ء
270 _a3191،Street Vakil Kucha Pandit Lal Kuan,
_bDelhi
_e110006
_k23216162
300 _a200ص
_c22 cm(hb)
700 _954088
_aتر تیب و تہز یب : محمد فہیم ا ختر ند و ی
942 _2ddc
_cUR
_h841
_mا ن و
999 _c98843
_d98843